Сборник задач по начертательной геометрии с решением типовых задач: учебное пособие

Dettagli Bibliografici
Autore principale: Арустамов Х. А. Христофор Артемьевич
Lingua:russo
Pubblicazione: Москва, Машиностроение, 1978
Soggetti:
Natura: MixedMaterials Libro
KOHA link:https://koha.lib.tpu.ru/cgi-bin/koha/opac-detail.pl?biblionumber=35662

MARC

LEADER 00000nam0a2200000 4500
001 35662
005 20231101210322.0
035 |a (RuTPU)RU\TPU\book\36099 
035 |a BOOK00002751 
090 |a 35662 
100 |a 20011210d1978 m y0rusy50 ca 
101 0 |a rus 
102 |a RU 
105 |a a j 000zy 
200 1 |a Сборник задач по начертательной геометрии с решением типовых задач  |e учебное пособие  |f Х. А. Арустамов 
210 |a Москва  |c Машиностроение  |d 1978 
215 |a 445 с.  |c ил. 
451 1 |0 (RuTPU)RU\TPU\book\36098  |t Сборник задач по начертательной геометрии с решением типовых задач  |o учебное пособие  |f Х. А. Арустамов  |c Москва  |n Машиностроение  |d 1971  |p 376 с.  |a Арустамов, Христофор Артемьевич 
606 |a Начертательная геометрия  |2 stltpush  |3 (RuTPU)RU\TPU\subj\45211  |9 64468 
610 1 |a задачи 
610 1 |a решения 
610 1 |a графики 
610 1 |a примеры 
610 1 |a учебные пособия 
675 |a 514.18(076)  |v 3 
700 1 |a Арустамов  |b Х. А.  |g Христофор Артемьевич 
801 0 |a RU  |b 63413507  |c 20011210  |g PSBO 
801 2 |a RU  |b 63413507  |c 20201116  |g PSBO 
900 |a Начертательная геометрия, инженерная графика 
942 |c BK